000
00326 a2200157 4500
001
192943
020
_a
978-85-16-10815-1
040
_c
Magnum
100
_a
Carrasco, Walcyr
240
1
0
_a
Amor proibido
_l
por
245
1
0
_a
Amor proibido
300
_a
154
362
0
_a
2017
697
_a
LITERATURA JUVENIL
942
_c
BK
999
_c
192943
_d
192943